| 000 | 00662nam a22001457a 4500 | ||
|---|---|---|---|
| 020 | _a0-7497-0761-5 | ||
| 082 |
_a823 _bBLY/A |
||
| 100 | _aENID BLYTON | ||
| 245 | _aAMELIA JANE AGAIN! | ||
| 260 |
_aGREAT BRITAIN _bMAMMOTH |
||
| 300 | _a184 | ||
| 520 | _aAMELIA JANE IS A VERY BAD DOLL. SHE'S ALWAYS MAKING TROUBLE FOR THE OTHER TOYS IN THE NURSERY. SHE CATCHES THEM IN A BUTTERFLY NET, SHE HIDES THEIR SHOES DOWN IN A MOUSE-HOLE, AND SHE PELTS THEM WITH SNOWBALLS. SOMETIMES THE TOYS PLAY TRICKS ON AMELIA JANE TOO, AND THEN SHE PROMISES TO BE GOOD - BUT IT'S NOT LONG BEFORE SHE'S NAUGHTY AGAIN! | ||
| 650 |
_aCHILDREN'S STORY BOOK _zUNITED KINGDOM |
||
| 942 | _cBK | ||
| 999 |
_c213 _d213 |
||